000
00314nam a2200109Ia 4500
008
171211s9999 xx 000 0 und d
245
_a
Recipes from the Galley, A Cookbook for Pirates
245
_c
Pirate Edzee Mon
260
_c
2017
650
_x
COOKBOOKS
856
_u
http://down.ebook777.com/064/B01MZFEU83.pdf
999
_c
348122
_d
348122